00464nam a2200145Ia 4500008004100000082001200041082000800053245008500061245002200146260002200168300000900190942000800199999001900207952009200226231017s9999 xx 000 0 und d a624.171 bMOO 0aImproving Quality Assurance of MSE Wall and Bridge Aproach Earthquake Compaction 0cMichael A. Mooney bMichael A. Mooney c30cm cREP c603842d603842 00104070aNITbNITd2023-10-17l0o624.171 MOOpNIT-5524r2023-10-17w2023-10-17yREP